| 000 | 00438pab a2200169 454500 | ||
|---|---|---|---|
| 008 | 180718b1995 xxu||||| |||| 00| 0 eng d | ||
| 100 | _aThompson, Frank | ||
| 245 | _aTechnical change, accumulation and the rate of profit. | ||
| 260 | _c1995 | ||
| 300 | _ap.97-126 | ||
| 362 | _aMar | ||
| 650 | _aSocialism | ||
| 650 | _aCommunism | ||
| 650 | _aMarxian economics | ||
| 773 | _aReview of Radical Political Economics | ||
| 909 | _a29070 | ||
| 999 |
_c29070 _d29070 |
||